A paper on the valuation of shop properties and their relationship to the rental values (Record no. 105374)

MARC details
000 -LEADER
fixed length control field 00694cam a2200193 4500
001 - CONTROL NUMBER
control field ##L133270
008 - FIXED-LENGTH DATA ELEMENTS--GENERAL INFORMATION
fixed length control field 060425n1919 000 0 eng u
035 ## - SYSTEM CONTROL NUMBER
System control number (Sirsi) u133270
041 0# - LANGUAGE CODE
Language code of text/sound track or separate title eng
050 04 - LIBRARY OF CONGRESS CALL NUMBER
Classification number 333.332 $2 18
100 1# - MAIN ENTRY--PERSONAL NAME
Personal name Bearn, A. F.
245 02 - TITLE STATEMENT
Title A paper on the valuation of shop properties and their relationship to the rental values
260 ## - PUBLICATION, DISTRIBUTION, ETC.
Place of publication, distribution, etc. Nottingham
Name of publisher, distributor, etc. W. E. Middleton
Date of publication, distribution, etc. 1919
300 ## - PHYSICAL DESCRIPTION
Extent 18p.
Other physical details ill
Dimensions 27cm.
520 ## - SUMMARY, ETC.
Summary, etc. Considers a system of arriving at a fair anual value, how to use that to arrive at a site value and the market value of the property.
690 ## - LOCAL SUBJECT ADDED ENTRY--TOPICAL TERM (OCLC, RLIN)
Topical term or geographic name as entry element PROPERTY-COMMERCIAL PROPERTY-RETAIL PROPERTY
700 1# - ADDED ENTRY--PERSONAL NAME
Personal name Wooldbridge, A. M.
942 ## - ADDED ENTRY ELEMENTS (KOHA)
Suppress in OPAC 0
Holdings
Withdrawn status Lost status Source of classification or shelving scheme Damaged status Not for loan Home library Current library Shelving location Date acquired Total Checkouts Full call number Barcode Date last seen Copy number Price effective from Koha item type
    Dewey Decimal Classification     London London Basement 25/04/2006   SHELF 318 30072443 06/08/2019 1 06/08/2019 Book